Στοιχεία ευρωπαϊκού κοινοτικού δικαίου
Αποθηκεύτηκε σε:
| Κύριος συγγραφέας: | |
|---|---|
| Μορφή: | Βιβλίο |
| Γλώσσα: | Greek |
| Δημοσίευση: |
Αθήνα ; Κομοτηνή :
Σάκκουλας, Αντ.,
c1991
|
| Θέματα: | |
| Ετικέτες: |
Προσθήκη ετικέτας
Δεν υπάρχουν, Καταχωρήστε ετικέτα πρώτοι!
|
MARC
| LEADER | 00000cam a2200000 i 4500 | ||
|---|---|---|---|
| 001 | 1/41976 | ||
| 008 | 070306s1991 gre d | ||
| 035 | |l 10087222 | ||
| 040 | |a GR-MY-UA |b gre |e aacr | ||
| 041 | 0 | |a gre | |
| 082 | 0 | |a 341.2422 |2 (22) | |
| 100 | 1 | |a Χρυσομάλλης, Μιχάλης Δ. | |
| 245 | 1 | 0 | |a Στοιχεία ευρωπαϊκού κοινοτικού δικαίου / |c Μιχάλη Δ. Χρυσομάλλη |
| 260 | |a Αθήνα ; Κομοτηνή : |b Σάκκουλας, Αντ., |c c1991 | ||
| 300 | |a 127 σ.; |c 24 εκ. | ||
| 650 | 0 | 0 | |a Law |z European Union countries. |
| 852 | |a INST |b CHIOS |e 20070306 |h 341.2422 ΧΡΥ |p 005200029078 |q 005200029078 |t BK |y 0 | ||
| 901 | |a BIBL2-2007-1 | ||
| 909 | |a Χ |b 130916 | ||
| 970 | |a ΒΑΣΙΛΑΚΗ |b ΝΙΚΗ |z 2007/03/06 | ||